Syntéza a syntetické využitie N-pentafluórfenyl-5-aminopyrazolov na prípravu nových heterocyklov a potencionálne biologicky aktívnych zlúčenín

Saved in:
Bibliographic Details
Main Author: Šofranko, Jakub (Author)
Other Authors: Végh, Daniel (Thesis advisor)
Format: Manuscript Book
Language:Slovak
Published: 2019
Subjects:
Online Access:http://is.stuba.sk/zp/portal_zp.pl?podrobnosti=125779
Tags: Add Tag
No Tags, Be the first to tag this record!

MARC

LEADER 00000ntm a22000003a 4500
001 stuzp74561
003 SK-STU
005 20190622211844.3
007 ta
008 150427s2015----xo-----f-mn---000-0-slo-d
040 |a STU  |b slo 
041 0 |a slo 
100 1 |a Šofranko, Jakub  |u 048140  |k Z7  |4 aut  |U FCHPT Ústav organickej chémie, katalýzy a petrochémie  |T FCHPT Oddelenie organickej chémie  |X 81584  |U C8140  |Y 124  |7 81584 
242 0 1 |a Synthesis and Synthetic Use of N-Pentafluorophenyl-5-Aminopyrazoles for the Preparation of New Heterocycles and Potentially Biologically Active Compounds  |y eng 
245 1 0 |a Syntéza a syntetické využitie N-pentafluórfenyl-5-aminopyrazolov na prípravu nových heterocyklov a potencionálne biologicky aktívnych zlúčenín 
260 |c 2019 
650 4 |a katalytická hydrogenácia  |2 slo 
650 4 |a Schiffova báza  |2 slo 
650 4 |a pyrazoloazepíny  |2 slo 
650 4 |a pyrazol  |2 slo 
650 4 |a 5-aminopyrazol  |2 slo 
650 4 |a cytotoxicita  |2 slo 
650 4 |a redukčná aminácia  |2 slo 
650 4 |a pyrazolo azepines  |2 eng 
650 4 |a pyrazole  |2 eng 
650 4 |a 5-aminopyrazole  |2 eng 
650 4 |a cytotoxicity  |2 eng 
650 4 |a reductive amination  |2 eng 
650 4 |a catalytic hydrogenation  |2 eng 
650 4 |a Schiff base  |2 eng 
700 1 |a Végh, Daniel  |u 048140  |k Z2  |4 ths  |U FCHPT Ústav organickej chémie, katalýzy a petrochémie  |T FCHPT Oddelenie organickej chémie  |X 3281  |U C8140  |Y 124  |7 A000003281 
856 4 |u http://is.stuba.sk/zp/portal_zp.pl?podrobnosti=125779